Open Data Biblioteca Nacional de Portugal


República Portuguesa: Ministério da Cultura
Biblioteca Nacional de Portugal

Catálogo da BNP: acesso por Identificadores Unívocos
Registos Bibliográficos associados ao registo de autoridade

Etiqueta de registo: 00598cam 2200193 450
001 518133
003 http://id.bnportugal.gov.pt/bib/catbnp/518133
100 ## $a19950419d1908 m y0pory01030103ba
101 1# $apor
102 ## $aPT
105 ## $ay z 000yy
106 ## $ar
200 0# $a O que serão os homens do anno 3000$fGustave Guitton$gtrad. Bernardo de Alcobaça
210 #9 $aLisboa$cAntiga Casa Bertrand - José Bastos,$d1908
215 ## $a244 p.$d21 cm
500 10 $a O que serão os homens do ano 3000
700 #1 $aGuitton,$bGustave,$f1870-1918$3173688
702 #1 $aAlcobaça,$bBernardo de,$cpseud.$4730$384
801 #0 $aPT$bBN$gRPC
966 ## $lBN$mFGMON$sL. 11816 P.
997 ## $aBIBEOD

OpendataBNP@bnportugal.pt | Mais informação sobre acesso aos dados BNP